000 00453nam a22001337a 4500
005 20241111150740.0
008 241111b |||||||| |||| 00| 0 eng d
020 _a9780406974457
245 _aThe All England Law Reports 2004 Vol. 3
_cEdited -in-chief Rose Craig, Barrister: Editor Widdicombe Karen, Solicitor
260 _aUnited Kingdom
_bLexisNexis
_c2004
300 _axxi, 1100 pages
_c23.5 cm
650 _2Law Reports
_xEngland
942 _2lcc
_cBK
_n0
999 _c1018
_d1018